Matemática IV medio: guía didáctica del docente
Saved in:
| Hovedforfatter: | |
|---|---|
| Andre forfattere: | |
| Format: | Bog |
| Sprog: | spansk |
| Udgivet: |
Santiago
Santillana del Pacífico
2016
|
| Udgivelse: | 4a. ed |
| Fag: | |
| Tags: |
Tilføj Tag
Ingen Tags, Vær først til at tagge denne postø!
|
MARC
| LEADER | 00000cam a2200000 a 4500 | ||
|---|---|---|---|
| 001 | UCD9862 | ||
| 003 | CL-VaPUC | ||
| 008 | 170709e20161100cl |||||||||||||||||spa|d | ||
| 020 | |a 9789561523128 | ||
| 082 | 0 | 4 | |a 510.712 |b MUÑ |2 21 |
| 100 | |a Muñoz Zolotoochin, Gabriel |e autor |9 593736 | ||
| 700 | |a Muñoz Venegas, Sergio |e autor |9 593738 | ||
| 245 | 1 | 0 | |a Matemática IV medio: guía didáctica del docente |
| 250 | |a 4a. ed | ||
| 300 | |a 160 p | ||
| 942 | |c BK | ||
| 945 | |d 20170709 17:01:00 |a arojas | ||
| 260 | |a Santiago |b Santillana del Pacífico |c 2016 | ||
| 650 | 0 | |a Matemáticas |x Enseñanza |9 875527 | |
| 650 | 0 | |a Textos escolares |9 382843 | |
| 650 | 0 | |a Libros de texto |9 270019 | |
| 583 | |a last modification |c 20170709 17:01:00 |k Rodrigo Vera | ||
| 999 | |c 368874 |d 368872 | ||
| 952 | |0 0 |1 0 |3 erb |4 0 |6 510_712000000000000_MUÑ_2016 |7 0 |8 A |9 484329 |a BIBEDU |b BIBEDU |i 5404924 |o 510.712 MUÑ 2016 |p 5404924 |r 2019-11-24 |w 2019-11-24 |y BK |z Catalogado en:20170709 |k EPE | ||